000 00443nam a2200181Ia 4500
001 25182
005 20260414151133.0
008 260414t2018||||xx |||||||||||||| ||spa||
041 _aESP
082 _a346.3
_bL564 T. 2
100 _aLohmann Luca de Tena, Juan Guillermo
_eAUT
245 0 _aDerecho de sucesiones
_b
260 _c2018
300 _a718 páginas :
_c25 cm.
650 _aDER
654 _aCDE
942 _cLIB
_dJUS
_fJUS
_2ddc
_n
999 _c25182
_d25182